MARC

LEADER 00000nam0a2200000 4500
001 306976
005 20231102001940.0
020 |a RU  |b 83-54589 
035 |a (RuTPU)RU\TPU\book\332254 
090 |a 306976 
100 |a 20151014d1983 km y0rusy5003 ca 
101 0 |a rus 
102 |a UA 
105 |a a z 001zy 
200 1 |a Динамическая голография  |f В. Л. Винецкий, Н. В. Кухтарев 
210 |a Киев  |c Наукова думка  |d 1983 
215 |a 127 с.  |c ил. 
225 1 |a Научно-популярная литература 
320 |a Библиогр.: с. 126 
606 1 |a Голография динамическая  |2 stltpush  |3 (RuTPU)RU\TPU\subj\7407  |9 35077 
610 1 |a когерентная оптика 
610 1 |a свет 
610 1 |a интерференция 
610 1 |a статическая голография 
610 1 |a физические процессы 
610 1 |a применение 
610 1 |a перспективы 
675 |a 778.38  |z rus  |v 3 
700 1 |a Винецкий  |b В. Л.  |g Валентин Львович  |4 070 
701 1 |a Кухтарев  |b Н. В.  |g Николай Васильевич  |4 070 
801 0 |a RU  |b RuMRKP  |c 19950704  |g psbo 
801 1 |a RU  |b 63413507  |c 20151014 
801 2 |a RU  |b 63413507  |c 20190604  |g RCR 
942 |c BK